LEADER 01152nam0 22003133i 450 001 UMC0654083 005 20231121125912.0 010 $a0262012235 010 $a9780262012232 100 $a20131024d2006 ||||0itac50 ba 101 | $aeng 102 $aus 181 1$6z01$ai $bxxxe 182 1$6z01$an 200 1 $aZen-Brain reflections$ereviewing recent developments in meditation and states of consciousness$fJames H. Austin 210 $aCambridge, Massachusetts$aLondon$cThe MIT press$d2006 215 $aXXVII, 586 p.$cill.$d24 cm. 606 $aBuddismo$2FIR$3RMLC051428$9E 606 $aBuddismo zen$2FIR$3RMLC017758$9I 676 $a294.3422$9BUDDISMO. DOTTRINE E PRATICHE. Il genere umano$v21 700 1$aAustin$b, James H.$3MILV155156$0128236 801 3$aIT$bIT-01$c20131024 850 $aIT-FR0017 899 $aBiblioteca umanistica Giorgio Aprea$bFR0017 912 $aUMC0654083 950 0$aBiblioteca umanistica Giorgio Aprea$d 52MAG 8/1079$e 52FC 0000010395 VMN RS $fA $h20131024$i20131024 977 $a 52 996 $aZen-Brain reflections$93642381 997 $aUNICAS LEADER 02338nam 2200589Ia 450 001 9910964200903321 005 20251116174932.0 010 $a1-280-43617-4 010 $a9786610436170 010 $a92-4-068158-2 035 $a(CKB)1000000000247179 035 $a(EBL)284794 035 $a(OCoLC)476035360 035 $a(SSID)ssj0000285558 035 $a(PQKBManifestationID)11273318 035 $a(PQKBTitleCode)TC0000285558 035 $a(PQKBWorkID)10277458 035 $a(PQKB)11485599 035 $a(MiAaPQ)EBC284794 035 $a(Au-PeEL)EBL284794 035 $a(CaPaEBR)ebr10120283 035 $a(CaONFJC)MIL43617 035 $a(EXLCZ)991000000000247179 100 $a20060308d2005 uy 0 101 0 $aeng 135 $aur|n|---||||| 181 $ctxt 182 $cc 183 $acr 200 10$aWHO expert consultation on rabies $efirst report 205 $a1st ed. 210 $aGeneva $cWorld Health Organization$d2005 215 $a1 online resource (121 p.) 225 1 $aWHO technical report series ;$v931 300 $a"The WHO Expert Consultation on Rabies met in Geneva from 5 to 8 October 2004."--p. 1. 311 08$a92-4-120931-3 320 $aIncludes bibliographical references. 327 $aIntro -- Contents -- Introduction. 330 $aMore than 99% of all human rabies deaths occur in the developing world, and although effective and economical control measures are available, the disease has not been brought under control throughout most of the affected countries. Given that a major factor in the low level of commitment to rabies control is a lack of accurate data on the true public health impact of the disease, this report of a WHO Expert Consultation begins by providing new data on the estimated burden of the disease and its distribution in the world. It also reviews recent progress in the classification of rabies viruses, 410 0$aTechnical report series (World Health Organization) ;$v931. 606 $aRabies$xPrevention 606 $aRabies vaccines 615 0$aRabies$xPrevention. 615 0$aRabies vaccines. 676 $a614.563 801 0$bMiAaPQ 801 1$bMiAaPQ 801 2$bMiAaPQ 906 $aBOOK 912 $a9910964200903321 996 $aWHO Expert Consultation on Rabies$93953788 997 $aUNINA